000 00546nam a22002177a 4500
003 UA-OsUOA
001 50527
007 ta
008 20071119b un ||||| |||| 00| 0 ukr d
100 _aВилегжаніна Т.
090 _a02
_bВ-12
942 _cSA
040 _aUA-OsUOA
_bukr
_cUA-OsUOA
_dUA-OsUOA
245 _aМоделі бібліотечного обслуговування
300 _aС.4-6
955 _a0
041 _aukr
080 _a02
773 0 _w50525
650 7 _a02 Бібліотечна справа
_2UDC
999 _c336636
_d336636